000 00851nam a2200229 i 4500
001 84450
003 ES-MaACL
005 20250822143146.0
007 t|
008 041122s19571958sp |||| | spa d
080 _a087.61
245 0 0 _aProntuario de textos para Christmas y felicitaciones de Año Nuevo
_b: a los que siguen una selección de modelos para participaciones de enlace y natalicio /
_creunidos, ordenados y comentados por Florencio Janer, maestro impresor.
246 3 4 _aProntuario de textos para Christmas
250 _a[1ª ed.].
260 _aBarcelona :
_b[s.n.],
_c1957 (
_fGráficas B. Sirven)
_cD.L.1958.
300 _a101 p. ;
_c18 cm.
650 4 _aCartas-
_xRedacción.
_9141077
650 4 _aNavidad.
_9147954
700 1 _aJaner, Florencio,
_d1831-1877
_966005
852 _aES-MaACL
_jC-17531
999 _c84450
_d84450